000 00281nam a22001217a 4500
003 SGT
082 _a370
_bJAN
100 _aJANGRA, RAJPAWAN
245 _aVISUAL AND PERFORMING ARTS IN SPECIAL EDUCATION
260 _aDELHI
_bRI PUB.
_c2018
300 _a224
942 _2ddc
_cBK
_02
999 _c17603
_d17603